00218nam a2200085Ia 4500008004100000100002100041245004000062260002100102260000900123170620s9999 xx 000 0 und d aJee- Chandrawati 0aDictionary of Environmental Science bNew Delhi- A.P.H c2010